000 00680nam a22002537a 4500
003 UA-OsUOA
001 24514
007 ta
008 20040220b un ||||| |||| 00| 0 ukr d
100 _aДаниленко Г.М.
090 _a342.7(075.8)
_bД18
942 _cBK
040 _aUA-OsUOA
_brus
_cUA-OsUOA
_dUA-OsUOA
245 _aМеждународная защита прав человека: вводной курс
_bУчебное пособие
300 _a256 с.
955 _a0
041 _arus
080 _a342.7(075.8)
020 _a5-7975-0323-9
260 _aМосква
_bЮристъ
_c2000
044 _aRU
650 7 _2UDC
999 _c310789
_d310789